| 000 | 00660nam a2200253Ia 4500 | ||
|---|---|---|---|
| 001 | 17260 | ||
| 005 | 20240113235753.0 | ||
| 007 | ta | ||
| 008 | 051229s1987 a g b000 u asm u | ||
| 040 | _aCotton College,Assam | ||
| 041 | _aasm | ||
| 082 |
_a891.41409 _bSa 81 Dr |
||
| 100 | _aSattar, Abdus . | ||
| 245 | 0 |
_aDrishti Aru Srishti / _cAbdus Sattar. _hTextual Documents |
|
| 250 | _a1st ed. / | ||
| 260 |
_aTihu : _bBinapani Book Stall , _c1987. |
||
| 300 |
_a68p. : _bill ; _c22cm . |
||
| 653 | _aAssamese Essays-Criticism | ||
| 653 | _aG-Assamese | ||
| 942 |
_2ddc _cBK |
||
| 999 |
_c17242 _d17242 |
||